00509nam a2200145Ia 4500008004100000041000800041082001700049100001800066245004400084260004500128300003200173365001100205999001700216952013000233240624s9999 xx 000 0 und d aeng a658.4038 HIS aHISLOP DONALD aKNOWLEDGE MANAGEMENT IN ORGANIZATIONS A c2008aNew DelhibOxford University press axiii, : 269 : p. : cm. ; 23 cRSb30 c11470d11470 00104070aIMTNbIMTNcRack 29-Ad2008-10-22eIBHg260.00n1734o658.4038 HISp11470r2024-06-24 00:00:00t1w2024-06-24yBK